Η θέση της ελληνίδας στην οικογένεια, στην κοινωνία, στην πολιτεία
Αποθηκεύτηκε σε:
| Κύριος συγγραφέας: | |
|---|---|
| Μορφή: | Βιβλίο |
| Γλώσσα: | Greek |
| Δημοσίευση: |
Αθήνα :
Καστανιώτης,
1984.
|
| Έκδοση: | 2η έκδ. |
| Θέματα: | |
| Ετικέτες: |
Προσθήκη ετικέτας
Δεν υπάρχουν, Καταχωρήστε ετικέτα πρώτοι!
|
MARC
| LEADER | 00000cam a2200000 i 4500 | ||
|---|---|---|---|
| 001 | 1/87658 | ||
| 008 | 960402s1984 gre d | ||
| 035 | |a 1986 |c Αγορά |l 10035298 | ||
| 040 | |a GR-MY-UA |b gre |e aacr | ||
| 041 | 0 | |a gre | |
| 082 | 0 | |a 305.409495 | |
| 100 | 1 | |a Κακλαμανάκη, Ρούλα, |d 1936- | |
| 245 | 1 | 2 | |a Η θέση της ελληνίδας στην οικογένεια, στην κοινωνία, στην πολιτεία / |c Ρούλα Κακλαμανάκη. |
| 250 | |a 2η έκδ. | ||
| 260 | |a Αθήνα : |b Καστανιώτης, |c 1984. | ||
| 300 | |a 230 σ. | ||
| 504 | |a Περιέχει βιβλιογραφία. | ||
| 650 | 0 | 0 | |a Women |x Legal status, laws, etc. |
| 650 | 0 | 0 | |a Women |z Greece |x History. |
| 650 | 0 | 0 | |a Women's rights |z Greece. |
| 650 | 0 | 0 | |a Women |z Greece |x Social conditions. |
| 852 | |a INST |b CHIOS |e 19960402 |h 305.409495 ΚΑΚ |p 005200029521 |q 005200029521 |t BK |y 0 | ||
| 852 | |a INST |b LESVOS |e 19961021 |h 305.409495 ΚΑΚ |p 005100009117 |q 005100009117 |t BK |y 0 | ||
| 852 | |a INST |b RHODES |e 19960704 |h 305.409495 ΚΑΚ |p N10011753 |q N10011753 |t BK |y 12 | ||
| 909 | |a Ρ |b 004890 |c 1986 | ||
| 909 | |a Χ |b 001999 | ||
| 909 | |a Λ |b 011232 | ||